Cities by Picture - A - Statistics

General Stats
  • This quiz has been taken 74 times
  • The average score is 9 of 15
Answer Stats
Picture Answer % Correct
Athens
99%
Amsterdam
93%
Abu Dhabi
79%
Alexandria
79%
Agra
70%
Ankara
63%
Arlington
63%
Anaheim
54%
Antwerp
52%
Atlanta
48%
Abuja
46%
Austin
46%
Anchorage
45%
Ashgabat
42%
Arusha
17%
No matching quizzes found
Score Distribution
Percent of People with Each Score
Percentile by Number Answered
Your Score History
You have not taken this quiz